000 00781nam a2200253 i 4500
003 DO-SdBNP
005 20240311150601.0
007 ta
008 240311b1888 sp ||||| |||| 00| 0 spa d
040 _aDO-SdBNP
_bspa
_cBNPHU
_drda
082 4 _222
100 1 _aEstacio, Publio Papinio
_eautor
_985010
245 1 3 _aLa tebaida /
_cPublio Papino Estacio, traducción Juan de Arjona
264 _aMadrid :
_bLibrería de la Viuda de Hernando,
_c1888.
300 _avolumenes ;
_c18 cm.
336 _2rdacontent
_atexto
_btxt
337 _2rdamedia
_asin mediación
_bn
338 _2rdacarrier
_avolumen
_bnc
490 _aBiblioteca Clásica
_v49, 50
590 _aInventariado, 2024/BT
700 1 _aArjona, Juan de,
_etaducción
_985011
910 _aBtavárez
942 _2ddc
_cLBS1
999 _c56068
_d56068